000 00335nam a2200157Ia 4500
100 _aWehner/H
650 _aElectrical Engineering
490 _v27
942 _cRB
654 _aGalvanison
245 _aGalvanic Secondary Cells
260 _bWiley Eastern.
_aNEW DELHI
_c1991
300 _a68
546 _aENGLISH
999 _c23832
_d23832